Pharmacie : DCI en A et classes associées - Statistiques

Statistiques générales
  • Ce quiz a été pris 178 fois
  • Le résultat moyen est 11 sur 36
Statistiques - réponses
Hint Réponse % Correct
amoxicilline acide clavulanique antibiotique
83%
azithromycine antibiotique
83%
aztréonam antibiotique
83%
abacavir antiviral
76%
aciclovir antiviral
76%
acébutolol béta-bloquant
73%
amitriptyline antidépresseur
53%
alprazolam anxiolytique
51%
acide valproïque antiépileptique
46%
adénosine anti arythmique
41%
amiodarone antiarythmique
41%
alpha-méthyldopa antihypertenseur
36%
atovaquone antiparasitaire
29%
aprépitant antiémétique
27%
abtacept immunosuppresseur
26%
alemtuzumab immunosuppresseur
26%
anakinra immunosuppresseur
26%
allopurinol antigoutteux
25%
amlodipine inhibiteur calcique
24%
amisulpride neuroleptique
22%
aripiprazole neuroleptique
22%
acarbose antidiabétique
21%
amiloride diurétique
21%
amantadine antiparkinsonien
19%
apomorphine antiparkinsonien
19%
artéméther luméfantrine antipaludique
15%
artésunate antipaludique
15%
aspirine analgésique
11%
amphotéricine B antimycosique
5%
azathioprine immunosupresseur
5%
adrénaline sympathomimétique
4%
albendazole anti-hélminthique
2%
antimoniate de méglumine antileishmanien
1%
acide tout-trans-rétinoïque antinéoplasique
1%
azacitidine antinéoplasique
1%
acétate de glatiramère immunostimulant
1%
Aucun quiz correspondant
Distribution des résultats
% des personnes avec chaque résultat
Percentile par nombre de réponses
Votre historique - résultats
Vous n’avez pas pris ce quiz